Entry Topical Term
Number of records used in: 1
001 - CONTROL NUMBER
003 - CONTROL NUMBER IDENTIFIER
005 - DATE AND TIME OF LATEST TRANSACTION
- control field:
20230403134000.0
008 - FIXED-LENGTH DATA ELEMENTS
- fixed length control field:
230403|| aca||aabn | a|a d
040 ## - CATALOGING SOURCE
- Original cataloging agency:
JRU
- Transcribing agency:
JRU
150 ## - HEADING--TOPICAL TERM
- Topical term or geographic name as entry element:
PHARMACY
- General subdivision:
B.PHARMA
670 ## - SOURCE DATA FOUND
- Source citation:
Work cat.: (JRU)8247: SHARGEL ,LEON AND KANFER, ISADORE 7672, GENERIC DRUG PRODUCT DEVELOPMENTSOLID ORAL DOSAGE FORMS